Normal view
MARC view
- Hossain, Md Maruf.
Entry Personal Name
001 - CONTROL NUMBER
- control field: 50883
003 - CONTROL NUMBER IDENTIFIER
- control field: OSt
005 - DATE AND TIME OF LATEST TRANSACTION
- control field: 20240126141121.0
008 - FIXED-LENGTH DATA ELEMENTS
- fixed length control field: 240126|| aca||aabn | a|a d
040 ## - CATALOGING SOURCE
- Original cataloging agency: OSt
- Transcribing agency: OSt
100 ## - HEADING--PERSONAL NAME
- Personal name: Hossain, Md Maruf.
- Relator term: author.
670 ## - SOURCE DATA FOUND
- Source citation: Work cat.: (OSt): Reza, Md. Shamim. author. 50882, Recursive DFT-based method for fast and accurate estimation of three-phase grid frequency /, January 2022.
